Convención del Partido Liberal celebrada en Santiago los días 24, 25 i 26 de diciembre de 1907: Antecedentes, versión taquigráfica de las sesiones, Directorio Jeneral, Programa del partido, Estatuto Orgánico, Banquete, 1a. sesión celebrada por el Directorio
Zapisane w:
| Korporacja: | |
|---|---|
| Format: | Książka |
| Język: | hiszpański |
| Wydane: |
Santiago
Imprenta, Litografía i Encuadernación Barcelona
1908
|
| Hasła przedmiotowe: | |
| Etykiety: |
Dodaj etykietę
Nie ma etykietki, Dołącz pierwszą etykiete!
|
MARC
| LEADER | 00000nam a2200000 a 4500 | ||
|---|---|---|---|
| 001 | UCJ3108 | ||
| 003 | CL-VaPUC | ||
| 005 | 20210625001706.0 | ||
| 008 | 070124e19081200CL |||||||||||||||||spa|d | ||
| 999 | |c 319231 |d 319229 | ||
| 040 | |c Pontificia Universidad Católica de Valparaíso | ||
| 082 | 0 | 4 | |a 983 PAR 1908 |2 21 |
| 110 | 2 | |a Partido Liberal |e author |9 504474 | |
| 245 | 1 | 0 | |a Convención del Partido Liberal celebrada en Santiago los días 24, 25 i 26 de diciembre de 1907: |b Antecedentes, versión taquigráfica de las sesiones, Directorio Jeneral, Programa del partido, Estatuto Orgánico, Banquete, 1a. sesión celebrada por el Directorio |
| 260 | |a Santiago |b Imprenta, Litografía i Encuadernación Barcelona |c 1908 | ||
| 300 | |a 389 páginas | ||
| 500 | |a Dos láminas con fotografías de los asistentes | ||
| 583 | |a last modification |c 20070124 00:00:00 |k Rodrigo Vera | ||
| 650 | 0 | |a Partidos políticos |9 254999 | |
| 650 | 7 | |a PARTIDO LIBERAL |2 CL-VaPUC |9 324644 | |
| 650 | 0 | |a Administración pública |9 255343 | |
| 650 | 7 | |a CONVENCIONES POLITICAS |2 CL-VaPUC |9 504497 | |
| 942 | |c BK |2 ddc | ||
| 945 | |d 20070124 00:00:00 |a rinostro | ||
| 952 | |0 0 |1 0 |4 0 |6 983_000000000000000_PAR_1908 |7 0 |8 X |9 397496 |a FDOBUD |b FDOBUD |d 2019-11-22 |i 1013661 |o 983 PAR 1908 |p 1013661 |r 2019-11-22 |w 2019-11-22 |y BK_X |k BUD | ||